000 01034nam a2200253Ia 4500
003 OSt
005 20220923212622.0
006 a|||||r|||| 00| 0
007 ta
008 220922b |||||||| |||| 00| 0 hin d
024 _a154,604
037 _cTextual
040 _aARTS
_cARTS
_bhin
041 _2hin
_ahin
082 _aO1520m35,1:g((X8(A)), N3
100 _aलक्ष्मणाचार्युलु, एम0
_9162649
245 0 _aआधुनिक हिन्दी और तेलुगु कविता पर औधोगिक क्रान्ति का प्रभाव
246 _aĀdhunik hindī aur telugu kavitā par audhogik krānti kā prabhāva
260 _aहैदराबाद
_b गीता प्रकाशन
_c1993
300 _a200 पृ.
_ccm.
650 _aहिन्दी साहित्य
_9156264
942 _hO1520m35,1:g((X8(A)), N3
_cTEXL
_2CC
999 _c310226
_d310226